000 00734cam a2200253Ia 4500
999 _c5564
_d5564
001 33293105
003 OSt
005 20190107183454.0
008 990426s1992 flu b 000 0 eng d
010 _a86072775
020 _a0884192636 (pbk.)
035 _atcgc267154
040 _aSDL
_cSDL
_dPBE
_dNWQ
_dTSM
082 _a266
_bY54r
090 _aBV2061
_b.Y64 1992
092 _a266
_bYo7r 1992
100 1 _aYohannan, K. P.
245 1 0 _aRevolution in world missions /
_cK.P. Yohannan ; foreword by David and Karen Mains.
260 _aAltamonte Springs, FL :
_bCreation House,
_cc1992.
300 _a287 p. ;
_c18 cm.
504 _aIncludes bibliographical references (p. 285-287).
650 0 _aMissions.
942 _2ddc
_cBK